Statistics for Countries Closest to Andorra - One Minute Sprint

Click here to take the quiz!

General Stats

  • This quiz has been taken 48 times
  • The average score is 15 of 20

Answer Stats

kmcountrymiles% Correct
0France0
98%
485Italy301
98%
0Spain0
98%
637Portugal396
91%
718Germany446
89%
821Belgium510
84%
832Luxembourg517
82%
515Switzerland320
82%
793Austria493
80%
867Morocco539
80%
637Algeria396
77%
474Monaco294
77%
956Netherlands594
77%
904United Kingdom562
77%
873San Marino542
75%
784Liechtenstein487
70%
880Vatican City547
70%
856Tunisia532
64%
996Slovenia619
43%
988Croatia614
36%

Score Distribution

Percentile by Number Answered

Percent of People with Each Score

Your Score History

You have not taken this quiz